Access to information. Annual report FY 2011. Moving Forward Transparency and Accountability.

Guardado en:
書目詳細資料
格式: 圖書
語言:英语
主題:
在線閱讀:Ver documento en línea
標簽: 添加標簽
沒有標簽, 成為第一個標記此記錄!

MARC

LEADER 00000nam^a2200000^u^4500
001 000521037
005 20260512000000.0
008 120322s1000^^^^^^^^^^^^r^^^^^000^0^spa^d
009 20260512123654.497
035 |a FCE 000065278 
037 |a Acervo ITESO - Biblioteca 
041 |a eng 
095 |a 370 
245 1 0 |a Access to information.  |b Annual report FY 2011. Moving Forward Transparency and Accountability. 
264 |a Washington:  |b The World Bank,  |c 2012. 
300 |a 45 p. 
336 |a texto  |b txt  |2 rdacontenido 
337 |a sin mediación  |b n  |2 rdamedio 
338 |a volumen  |b nc  |2 rdasoporte 
649 |a XX 
650 |a Políticas 
650 |a Internet 
650 |a Leyes y legislación 
650 |a Acceso a la información 
650 |a Derecho a la información 
650 |a Información pública 
650 |a Acceso publico 
856 4 0 |u https://www-wds.worldbank.org/external/default/WDSContentServer/WDSP/IB/2012/02/03/000350881_20120203094854/Rendered/PDF/666440BR0SecM20Official0Use0Only090.pdf  |y Ver documento en línea 
910 |a Fondo Centro de Estudios Educativos 
920 |a Impresos - Libros 
930 |a Fondos Especiales 
905 |a 133 
902 |a https://opac.biblio.iteso.mx/vufind/Record/000521037